00397nam a22001577a 450000500170000001000120001702000110002903500120004003700140005208200070006610000260007324500420009924600550014126000180019630000250021420200219154315.0 aB-50673 c199.95 aB-50673 bBPPD/Pub. aک aمختار ٹونکی aلغویات /cمختار ٹونکی aLaghviyaat (Humorous Articles) /bby Mukhtar Tonki b-c2001 ءa- a192p.c22cm(Hb)